Análisis comparativo de la respuesta dinámica de sistemas de un grado de libertad utilizando tanques de agua como amortiguadores líquidos sintonizados
Kaydedildi:
| Yazar: | |
|---|---|
| Materyal Türü: | Kitap |
| Dil: | Spanish |
| Baskı/Yayın Bilgisi: |
[San José], Costa Rica
2016
|
| Konular: | |
| Etiketler: |
Etiketle
Etiket eklenmemiş, İlk siz ekleyin!
|
MARC
| LEADER | 00000nam a22000007a 4500 | ||
|---|---|---|---|
| 003 | 012524 | ||
| 005 | 20221231144142.0 | ||
| 008 | 170131b2016 cr a|||| m||| 00| ||spa d | ||
| 040 | |c cru CEDI | ||
| 090 | |a TFG 7675 | ||
| 100 | |9 6689 |a Pichardo Cerda Diego Gerardo | ||
| 245 | |a Análisis comparativo de la respuesta dinámica de sistemas de un grado de libertad utilizando tanques de agua como amortiguadores líquidos sintonizados | ||
| 260 | |a [San José], Costa Rica |c 2016 | ||
| 300 | |a xvii, 172[20] hojas; ilustraciones algunas a color | ||
| 500 | |a Proyecto de graduación (licenciatura en ingeniería civil)--Universidad de Costa Rica. Facultad de Ingeniería. Escuela de Ingeniería Civil | ||
| 650 | |x DINAMICA DE ESTRUCTURAS |x CONSTRUCCIONES ANTISISMICAS |x ANALISIS ESTRUCTURAL (INGENIERIA) |x RESISTENCIA DE MATERIALES |x DISEÑO DE ESTRUCTURAS |9 6690 | ||
| 942 | |c TFG | ||
| 999 | |c 17641 |d 17641 | ||
